| 000 | 00693nam a2200193Ia 4500 | ||
|---|---|---|---|
| 003 | GCL | ||
| 008 | 140319s9999 xx 000 0 ara d | ||
| 040 |
_aGCL / _cGCL |
||
| 082 | 0 | 4 |
_a320.956 _bا ح |
| 100 | 1 | _aابراهيم البحراوى | |
| 245 | 1 | 0 |
_aالحرب: نهاية وقاحة اليمين الاسرائيلى / _cابراهيم البحراوى |
| 300 | _a138 ص | ||
| 490 |
_aالهيئة العامة للاستعلامات _v0 |
||
| 650 | 0 | 4 | _aالنزاع العربى الاسرائيلى |
| 650 | 0 | 4 | _aالحرب |
| 650 | 0 | 4 | _aالحروب العربية الاسرائيلية |
| 650 | 0 | 4 | _aاسرائيل - تاريخ - العصر الحديث |
| 942 |
_2ddc _cBK |
||
| 999 |
_c50571 _d50571 |
||